000 00568nam a22001697a 4500
003 OSt
005 20260407100729.0
008 260407b |||||||| |||| 00| 0 eng d
040 _cMRSPTU
041 _aEnglish
100 _aMonika Bhatia, Supervisor: Pritpal Singh Bhullar
245 _aImpact of Board’s Gender Diversity on Profitability Evidence from Indian Banking Sector
260 _bDepartment of UBS, MRSPTU, Bathinda
_c2023
650 _aUniversity Business School
856 _uhttp://163.47.215.52:8080/jspui/handle/123456789/838
942 _2ddc
_cTH
_n0
999 _c11315
_d11315